|
|
|
|
| LEADER |
01548nam a2200253 a 4500 |
| 001 |
GR-MES5197 |
| 008 |
991111s1996 gr 000 0 gre d |
| 040 |
|
|
|a GrPaTEI
|b gre
|c GR-PaULI
|
| 245 |
0 |
0 |
|a Υδατοκαλλιέργειες :
|b υφιστάμενη κατάσταση και προοπτικές (1980-1996).
|
| 260 |
|
|
|a Αθήνα :
|b Αγροτική τράπεζα Ελλάδος,
|c 1996
|
| 300 |
|
|
|a 373σελ. :
|b πιν.
|
| 490 |
1 |
|
|a μελέτες για την αγροτική οικονομια
|
| 650 |
|
4 |
|a Αγροτική οικονομία
|
| 650 |
|
4 |
|a Οικονομία
|
| 650 |
|
4 |
|a Υδατοκαλλιέργειες
|
| 650 |
1 |
0 |
|a 1980-1996
|
| 700 |
1 |
|
|a Παπαηλίας, Θ.
|
| 710 |
0 |
|
|a Αγροτική τράπεζα Ελλάδος
|
| 710 |
2 |
|
|a Αγροτική τράπεζα της Ελλάδος
|
| 830 |
|
0 |
|1 0015811
|1 2001
|a Το καθεστώς αποστρατικοποίησης των νησιών του ανατολικού Αιγαίου (Χουσεϊν Παζάρτζι) ;
|v Μετάφραση: Αλέξης Αλεξανδρής
|c Το νομικό καθεστώς των ελληνικών νησιών του Αιγαίου : Απάντηση σε τουρκική μελέτη (Κ.Π. Οικονομίδης
|
| 942 |
|
|
|2 ddc
|
| 952 |
|
|
|0 0
|1 0
|2 ddc
|4 0
|6 639_800000000000000_ΑΓΡ
|7 0
|9 275767
|a MSLG
|b MSLG
|c BSC
|d 2021-01-17
|e 24
|f 0
|g 0.00
|l 0
|o 639.8 ΑΓΡ
|p 2420000014548
|r 2021-01-17 00:00:00
|t 1
|w 2021-01-17
|y BK15
|x 19991111 0 1
|x GrPaTEI
|
| 971 |
|
|
|a .b2583664x
|b 16-04-20
|c 14-09-16
|
| 999 |
|
|
|c 159827
|d 159827
|